000 01090cam a2200301 i 4500
001 3488
003 Mx-PuUPA
005 20260319111410.0
008 140415s1999 it a fr 001 0 ita d
020 _a8870785688
040 _cMx-PuUPA
_aMx-PuUPA
_bspa
_dMx-PuUPA
_erda
041 0 _aita
100 1 _aMartini, Carlo Maria,
_d1927-2012
_eautor
_917924
245 1 0 _aOrizzonti e limiti della scienza :
_bdecima cattedra dei non credenti /
_cCarlo Maria Martini
250 _aPrima edizione
264 1 _aMilano :
_bRaffaello Cortina Editore,
_c©1999
300 _aviii, 157 páginas :
_bilustraciones ;
_c23 cm
336 _2rdacontent
_atexto
_btxt
337 _2rdamedia
_asin medio
_bn
338 _2rdacarrier
_avolumen
_bnc
490 0 _aScienza e Idee
650 7 _2armarc
_aFilosofía de la ciencia
_vCongresos y conferencias
650 7 _2armarc
_aReligión y ciencia
_vCongresos y conferencias
942 _2ddc
_cLI
_h501
_iM28
999 _c3488
_d3488